00417 2200157 4500001002100000008004100021035002000062245003500082100001800117260004600135300002200181020002200203084001400225082000800239990001200247INLIS000000000002847 IND  a0010-0925000194 aBadminton FreakcStephanie Zen aStephanie Zen aJakartabPT. Gramedia Pustaka Utamac2016 a488c(13 x 20 cm) a978-602-51691-6-8 a813 STE b a813 a0755069